00928nam a22002177a 4500003000900000005001700009007000300026008003600029020001800065040002500083082000700108245019300115260004200308300002100350590002900371700005700400942001400457952011100471952011100582999001700693DO-SdBNP20220127125021.0ta210809b 2016 dr 00| 0 eng d a9789945086973 aDO-SdBNPbspacBNPHU 422210aRecopilación jurisprudencial integrada de las decisiones del Tribunal Constitucional de la República Dominicana : sentencias año 2015 / ccompilador L. Almanzor González Canahuate. aSanto Domingo : bCentenario, c2016. a2 v. ; c29 cm.  aInventariado, 2021 /LP 1 aGonzález Canahuate, L. Almanzor,ecompilador95213 2ddccLBS1 00102ddc718MOaBNPHUbPDcHDd2021-08-09eDepósito Legall0p2021-25424r2021-08-09tv. 1w2021-08-09 00102ddc718MOaBNPHUbPDcHDd2021-08-09eDepósito Legall0p2021-25425r2021-08-09tv. 2w2021-08-09 c50200d50200